000 00316nam a2200121Ia 4500
008 150201s2011 xx 000 0 und d
082 _a629.2
_bSIN
100 _aSingh,Kirpal
245 _aAutomobile engineering
260 _bStandard Publishers Distributers
_aNew Delhi
_c2011
300 _a704p.
942 _2ddc
_cBK
_03
999 _c5448
_d5448